00741nam a22001817a 450000500170000000800410001702000180005805000250007624501620010126000410026330000420030449000490034650400290039565000310042470000350045570000330049070000360052320191220134501.0191220b sp ||||| |||| 00| 0 fre d a978849682065404aHT178.E85 bT76 201100aTrouver sa place :bindividus et communautés dans l’Europe moderne /cEtudes reunies et presentees par Antoine Roullet, Olivier Spina et Nathalie Szczech aMadrid :bCasa de Velázquez,c2011 a274 páginas : bilustraciones ;c24 aColección de la Casa de Velázquez ;v124 aBibliografía p.243-274 72lembaComunidades zEuropa1 aRoullet, Antoine, ecompilador1 aSpina, Olivier, ecompilador1 aSzczech, Nathalie, ecompilador